Statistics for All City Football Group Clubs

Click here to take the quiz!

General Stats

  • This quiz has been taken 21 times
  • The average score is 3 of 10

Answer Stats

Answer% Correct
Manchester City
100%
New York City
60%
Melbourne City
50%
Girona FC
35%
ESTAC Troyes
15%
Mumbai City FC
15%
Yokohama F. Marinos
10%
Lommel SK
5%
Montevideo City Torque
5%
Sichuan Jiuniu
0%

Score Distribution

Percentile by Number Answered

Percent of People with Each Score

Your Score History

You have not taken this quiz